Benátska noc v opere SND

Bibliographic Details
Main Author: Toman, Vladimír (Author)
Format: Article
Language:Slovak
PhysicalDescription:Fotogr.
ISSN:0323-2883
Subjects:

MARC

LEADER 00000nab a2200000 a 4500
001 vtls000791398
003 SK-MaSNL
005 20260426081651.0
008 250429c2002 xo 0 slo
015 |a SNBRB2002/04-13906 
035 |a CLN000143053 
035 |a urn:nbn:sk:snk-abdqli 
035 |a (urnnbn)urn:nbn:sk:snk:ar-001429 
035 |a (uuid)68472e42-da50-45bd-9584-d5171806bb37 
040 |a SNKBUCL  |b slo  |c SNKBUCL  |e AACR2 
041 0 |a slo 
044 |a xo  |c SK 
080 |a 792.5  |2 1997 
100 1 |a Toman, Vladimír  |4 aut  |9 783302 
240 1 0 |a Noc v Benátkach 
245 1 0 |a Benátska noc v opere SND  |c Vladimír Toman 
300 |b Fotogr. 
600 1 7 |a Strauss, Johann,  |d 1825-1899  |t Noc v Benátkach  |2 snkbucl  |9 29401 
610 7 |a Slovenské národné divadlo.  |b Opera  |2 snkbucl  |9 65024 
651 7 |a Bratislava (Slovensko)  |2 snkbucl  |9 14568 
655 7 |a články z novín a časopisov  |2 snkbucl  |9 267496 
730 |t Noc v Benátkach  |9 464646 
773 0 |t Javisko  |g Roč. 34, č. 2 (2002), s. 23  |x 0323-2883 
850 |a Slovenská národná knižnica 
852 |a Slovenská národná knižnica 
954 |a odborná, vedecká literatúra pôvodná (slovenská)  |2 lita 
958 |a article19 
958 |a OND 
958 |a SK 
958 |a RC 
958 |a EUIPO 
992 |a RBX 
999 |c 2848439  |d 2850369